000 00706nam a2200205Ia 4500
003 GCL
008 140319s9999 xx 000 0 ara d
040 _aGCL /
_cGCL
082 0 4 _a301.363
_bم ت
100 1 _aالمعهد العربى لانماء المدن
245 1 0 _aتكامل الخدمات البلدية والاجتماعية ووسائل تمويلها /
_cالمعهد العربى لانماء المدن
300 _aمتعدد
490 _a
650 0 4 _aالخدمة الاجتماعية
650 0 4 _aالسعودية
650 0 4 _aالمدن
650 0 4 _aالاجتماع الحضرى
650 0 4 _aالسعودية - الاحوال الاجتماعية
942 _2ddc
_cBK
999 _c37884
_d37884